[Event "European Rapid 2021"]
[Site "Katowice POL"]
[Date "2021.12.19"]
[Round "8.48"]
[White "Malek, Jan"]
[Black "Nasuta, Grzegorz"]
[Result "0-1"]
[BlackTitle "GM"]
[WhiteElo "2149"]
[BlackElo "2521"]
[WhiteFideId "21864080"]
[BlackFideId "1141686"]
[EventDate "2021.12.18"]

1. e4 c5 2. Nf3 d6 3. Bb5+ Nd7 4. Ba4 Nf6 5. O-O e6 6. Re1 Be7 7. c3 O-O 8. d4
a6 9. Bc2 e5 10. Nbd2 b5 11. a4 Bb7 12. dxe5 dxe5 13. Qe2 Qb6 14. Nf1 c4 15. Ng3
g6 16. Bg5 Rfe8 17. h3 Bf8 18. Red1 Nc5 19. Qe3 Qc6 20. axb5 axb5 21. Rxa8 Bxa8
22. Re1 Nfd7 23. Bh6 Be7 24. Rd1 f6 25. h4 Bb7 26. h5 Kf7 27. Nh4 Rg8 28. Qf3
Nb6 29. Be3 Nba4 30. Bc1 Qe6 31. Qe3 Qg4 32. Nf3 gxh5 33. Kf1 Bc8 34. Ke2 h4 35.
Nf5 Bxf5 36. exf5 e4 37. Rd4 exf3+ 38. gxf3 Qg5 39. Rf4 Bd6 40. Qd4 Bxf4 41.
Bxf4 Re8+ 42. Kf1 Qh5 43. Qd5+ Kg7 44. Bd6 h3 45. Bxc5 Nxc5 46. Qxc5 h2 47. Qc7+
Kh8 0-1

[Event "European Rapid 2021"]
[Site "Katowice POL"]
[Date "2021.12.19"]
[Round "8.75"]
[White "Seemann, Jakub"]
[Black "Bogdanov, Ignat"]
[Result "*"]
[WhiteTitle "FM"]
[WhiteElo "2312"]
[BlackElo "2058"]
[WhiteFideId "21874697"]
[BlackFideId "14139650"]
[EventDate "2021.12.18"]

1. d4 d5 2. c4 dxc4 3. e3 c5 4. Bxc4 cxd4 5. exd4 e6 6. Nf3 Nf6 7. O-O Be7 8.
Nc3 O-O 9. Qe2 a6 10. Rd1 b5 11. Bb3 Bb7 12. Ne5 Nd5 13. Bc2 Nxc3 14. bxc3 Bf6
15. Ba3 Be7 16. Qh5 f5 17. Bb3 Bd5 18. Bxd5 exd5 19. Bxe7 Qxe7 20. Rd3 Qe8 21.
Qf3 Qd8 22. Re1 Qd6 23. Qh5 g6 24. Qh6 Ra7 25. Rde3 Rg7 26. Nf3 Nc6 27. Ng5 Nd8
28. Rg3 f4 29. Rg4 Re7 30. Re5 Rf6 31. Rh4 Qd7 32. h3 Ne6 33. Nxe6 Rexe6 34.
Rxe6 Rxe6 35. Rxf4 Qe7 36. Rf3 Re1+ 37. Kh2 Qc7+ 38. g3 Qe7 39. Qf4 Kg7 *

[Event "European Rapid 2021"]
[Site "Katowice POL"]
[Date "2021.12.19"]
[Round "9.1"]
[White "Motylev, Alexander"]
[Black "Donchenko, Alexander"]
[Result "1-0"]
[WhiteTitle "GM"]
[BlackTitle "GM"]
[WhiteElo "2633"]
[BlackElo "2636"]
[WhiteFideId "4121830"]
[BlackFideId "24603295"]
[EventDate "2021.12.18"]

1. e4 c5 2. Nf3 d6 3. Bb5+ Bd7 4. Bxd7+ Qxd7 5. O-O Nf6 6. Qe2 Nc6 7. c3 e6 8.
d4 cxd4 9. cxd4 d5 10. e5 Ne4 11. Be3 Be7 12. Ne1 f6 13. f3 Ng5 14. Nd3 O-O 15.
Nd2 Nf7 16. f4 Rac8 17. Nf3 Nh6 18. h3 Nb4 19. exf6 gxf6 20. Nc5 Bxc5 21. dxc5
Nc6 22. Rad1 Qe7 23. Bf2 Rcd8 24. Rfe1 Rfe8 25. a3 a5 26. Qd2 Qg7 27. b4 axb4
28. axb4 Kh8 29. b5 Rg8 30. Bh4 Na5 31. Rxe6 Rdf8 32. Qe2 Nf5 33. Rxd5 Nxh4 34.
Nxh4 Qg3 35. Rh5 Rf7 36. Re8 Rg7 37. Rxg8+ Rxg8 38. Rxh7+ Kxh7 39. Qh5+ Kg7 40.
Nf5+ Kf8 41. Nxg3 Rxg3 42. Qh4 Rg6 43. f5 Rg5 44. Qb4 1-0

[Event "European Rapid 2021"]
[Site "Katowice POL"]
[Date "2021.12.19"]
[Round "9.12"]
[White "Zakrzewski, Marek"]
[Black "Demchenko, Anton"]
[Result "1/2-1/2"]
[WhiteTitle "FM"]
[BlackTitle "GM"]
[WhiteElo "2287"]
[BlackElo "2654"]
[WhiteFideId "1170694"]
[BlackFideId "4160258"]
[EventDate "2021.12.18"]

1. e4 c5 2. Nf3 d6 3. Bb5+ Nc6 4. O-O Bd7 5. Re1 Nf6 6. c3 a6 7. Bf1 Bg4 8. d4
Bxf3 9. gxf3 g5 10. Be3 Qc7 11. Nd2 Bg7 12. Kh1 h6 13. a4 Nh5 14. Nc4 Rd8 15. a5
O-O 16. d5 Ne5 17. f4 Nxf4 18. Bxf4 gxf4 19. Nxe5 dxe5 20. Bh3 Rd6 21. Rg1 Rg6
22. Qh5 Rxg1+ 23. Rxg1 Kh8 24. Qg4 Rg8 25. Qf5 Rf8 26. Qg4 Rg8 27. Qh5 Rf8 28.
Qg4 Rg8 29. Qh5 Rf8 30. Qg4 Rg8 31. Qh5 Rf8 1/2-1/2

[Event "European Rapid 2021"]
[Site "Katowice POL"]
[Date "2021.12.19"]
[Round "9.34"]
[White "Budrewicz, Krzysztof"]
[Black "Kacprzak, Karol"]
[Result "0-1"]
[WhiteElo "2183"]
[BlackElo "2226"]
[WhiteFideId "1127950"]
[BlackFideId "21819327"]
[EventDate "2021.12.18"]

1. d4 Nf6 2. c4 e6 3. Nf3 b6 4. g3 Bb7 5. Bg2 c5 6. d5 exd5 7. cxd5 Bxd5 8. Nc3
Bc6 9. O-O Be7 10. Re1 O-O 11. e4 d6 12. Bf4 Re8 13. a4 Bf8 14. Nd2 Na6 15. Nc4
Nb4 16. Bxd6 Bxd6 17. Nxd6 Re6 18. e5 Bxg2 19. Kxg2 Ne8 20. Ncb5 Qe7 21. Qf3 Rd8
22. Rad1 a6 23. Nf5 Qg5 24. h4 Rxd1 25. hxg5 Rxe1 26. Nfd6 Re7 27. Nxe8 Rxe8 28.
Nd6 Rf8 29. Qc3 Re2 30. Nf5 Nd5 31. Qd3 Rxe5 32. Kh3 Ne7 33. Ne3 Rxg5 34. Qxa6
Rg6 35. Qb7 Re6 36. Nc4 Nc8 37. Kg2 Nd6 38. Nxd6 Rxd6 39. Qc7 Re6 40. b3 h6 41.
Qb7 Rd8 42. f4 Rd2+ 43. Kh3 Rd3 44. a5 bxa5 45. Qc8+ Kh7 46. Qxc5 g6 47. f5 Rf6
48. fxg6+ Rxg6 49. Qf5 Rxg3+ 50. Kh2 Kg8 51. Qxa5 Rxb3 52. Qd8+ Kh7 53. Qd5 Rb2+
54. Kh1 Rf2 55. Qe5 Rff6 56. Qe4 Kg7 57. Qe5 Rg5 58. Qd4 Kg6 59. Qe4+ Rff5 60.
Kh2 Kg7 61. Qd4+ Kg6 62. Qe4 Kg7 63. Qd4+ Rf6 64. Kh1 Rg6 65. Kh2 Kh7 66. Qe4
Re6 67. Qf5 Kg8 68. Qd3 Re5 69. Qd8+ Kh7 70. Qd1 Rf5 71. Qe2 Rfg5 72. Kh3 Re6
73. Qd3+ Kg8 74. Qd8+ Kg7 75. Qd4+ Kh7 76. Qd3+ Rgg6 77. Kh2 Re5 78. Qf3 Kg8 79.
Qa8+ Kg7 80. Qf3 Rf6 81. Qg4+ Kh7 82. Qd1 Rf2+ 83. Kg3 Rfe2 84. Qd3+ Kg7 85. Qd4
Re4 86. Qa1 h5 87. Qb2 Kg6 88. Qc2 Kg5 89. Qd2+ Re3+ 90. Kh2 f5 91. Qd8+ Re7 92.
Qg8+ Kf4 93. Qc4+ R3e4 94. Qc1+ Re3 95. Qf1+ Kg5 96. Qg1+ Kf6 97. Qa1+ Kg6 98.
Qg1+ Kf6 99. Qa1+ R7e5 100. Qd4 Kg5 101. Qd8+ Kg4 102. Qd4+ f4 103. Qd7+ Kf3
104. Qc6+ Kf2 105. Qb6 Kf1 106. Qb1+ Kf2 107. Qb4 f3 108. Qd2+ Re2 109. Qd4+
R5e3 110. Qh4+ Kf1+ 111. Kh1 f2 112. Kh2 Rd2 113. Qc4+ Ke1 114. Qc1+ Ke2 115.
Qc4+ Rdd3 116. Qa2+ Ke1 117. Qa1+ Rd1 118. Qa5+ Ke2 119. Qxh5+ Kd2 120. Qa5+ Kd3
121. Qa3+ Ke4 122. Qa4+ Rd4 123. Qc2+ Kf3 124. Qf5+ Rf4 125. Qd5+ Ree4 126. Qd1+
Ke3 127. Qc1+ Kd3 128. Qd1+ Kc3 129. Qc1+ Kd4 130. Qd2+ Kc4 131. Qc2+ Kd5 132.
Qd3+ Ke5 133. Qc3+ Kf5 134. Qc5+ Kg4 135. Qc8+ Rf5 136. Qg8+ Kf3 137. Qb3+ Re3
138. Qd1+ Ke4 139. Qc2+ Ke5 140. Qc5+ Ke4 141. Qc2+ Rd3 142. Qe2+ Kd4 143. Qg4+
Ke5 144. Qe2+ Kf6 145. Qb2+ Kg6 146. Qc1 Rh3+ 0-1

[Event "European Rapid 2021"]
[Site "Katowice POL"]
[Date "2021.12.19"]
[Round "9.37"]
[White "Dzhuguryan, Tygran"]
[Black "Godzwon, Iwo"]
[Result "1/2-1/2"]
[BlackTitle "FM"]
[WhiteElo "2203"]
[BlackElo "2352"]
[WhiteFideId "21872988"]
[BlackFideId "21802483"]
[EventDate "2021.12.18"]

1. d4 Nf6 2. Nf3 e6 3. e3 c5 4. Bd3 Nc6 5. a3 cxd4 6. exd4 g6 7. O-O Bg7 8. Re1
O-O 9. c3 b6 10. Bg5 Bb7 11. Nbd2 h6 12. Bf4 d5 13. h3 Nd7 14. a4 Re8 15. Nb3
Qc8 16. Qd2 h5 17. Bh6 Ba6 18. Bxg7 Kxg7 19. Bb5 Nf6 20. Bxc6 Qxc6 21. Ne5 Qc7
22. Qf4 Re7 23. Nd2 Ne8 24. Qg5 Nd6 25. g4 Rh8 26. Kg2 Bb7 27. f3 Qd8 28. Nf1
Qe8 29. Qf4 Qd8 30. g5 Rc7 31. Ne3 Rf8 32. h4 Nc4 33. b3 Na5 34. b4 Nc4 35.
N5xc4 dxc4 36. Qe5+ f6 37. gxf6+ Rxf6 38. d5 Bxd5 39. Nxd5 exd5 40. Rad1 Rd7 41.
Rd4 Kf7 42. Qg5 Rf5 43. Qxd8 Rxd8 44. Red1 Ke6 45. Rxc4 g5 46. Rc6+ Kd7 47. Rh6
gxh4 48. c4 Rg8+ 49. Kf2 Rgg5 50. cxd5 Rxd5 51. f4 Rf5 52. Rxd5+ Rxd5 53. Rh7+
Kc6 54. Rxa7 Rd4 55. b5+ Kc5 56. a5 Rxf4+ 57. Kg2 1/2-1/2

[Event "European Rapid 2021"]
[Site "Katowice POL"]
[Date "2021.12.19"]
[Round "9.58"]
[White "Redzisz, Michal"]
[Black "Rudnicki, Milosz"]
[Result "1-0"]
[WhiteTitle "FM"]
[WhiteElo "2261"]
[BlackElo "2200"]
[WhiteFideId "21816107"]
[BlackFideId "1120077"]
[EventDate "2021.12.18"]

1. d4 Nf6 2. c4 e6 3. Nc3 Bb4 4. e3 O-O 5. Ne2 d5 6. a3 Be7 7. cxd5 exd5 8. Nf4
c6 9. Bd3 Re8 10. O-O Nbd7 11. f3 Nf8 12. Qc2 Ne6 13. b4 Nxf4 14. exf4 a5 15. b5
c5 16. dxc5 Bxc5+ 17. Kh1 b6 18. Na4 Bd4 19. Bb2 Bxb2 20. Qxb2 Bb7 21. Qd4 Nd7
22. Bf5 Rb8 23. Rad1 Ba8 24. Bxd7 Qxd7 25. Nxb6 Qxb5 26. Nxa8 Rxa8 27. Qxd5 Qa4
28. Qd6 Re6 29. Qc5 Qxf4 30. Qxa5 Qb8 31. Qb4 Rb6 32. Qe7 Re6 33. Qb4 Rb6 34.
Qe7 Re6 35. Qc5 Rea6 36. Rd3 Ra5 37. Qb4 Qa7 38. Rfd1 h6 39. Rd8+ Kh7 40. Qe4+
f5 41. Qxa8 Qxa8 42. Rxa8 Rxa8 43. Ra1 Ra4 44. Kg1 Kg6 45. Kf2 Kf6 46. Ke3 Ke5
47. Ra2 g5 48. Kd3 g4 49. fxg4 fxg4 50. Kc3 Kd5 51. Kb3 Ra8 52. a4 Kc5 53. a5
Ra6 54. Kc3 h5 55. g3 h4 56. gxh4 Kb5 57. Kd4 Kb4 58. Rb2+ Ka4 59. Ke4 Rh6 60.
a6 Ka3 61. a7 Ra6 62. Rb7 1-0

[Event "European Rapid 2021"]
[Site "Katowice POL"]
[Date "2021.12.19"]
[Round "9.77"]
[White "Krawczyk, Flawian"]
[Black "Lach, Aleksandra"]
[Result "*"]
[BlackTitle "WIM"]
[WhiteElo "2114"]
[BlackElo "2198"]
[WhiteFideId "21881413"]
[BlackFideId "1134299"]
[EventDate "2021.12.18"]

1. e4 c5 2. Nf3 g6 3. d4 cxd4 4. Nxd4 Nc6 5. c4 Nf6 6. Nc3 d6 7. f3 Nxd4 8. Qxd4
Bg7 9. Be3 O-O 10. Qd2 a5 11. b3 Nd7 12. Rd1 b6 13. Be2 Nc5 14. O-O Bb7 15. Bd4
Bxd4+ 16. Qxd4 Ne6 17. Qe3 Qc7 18. Kh1 Qc5 19. Qd2 Bc6 20. f4 f5 21. Nd5 Bxd5
22. cxd5 Ng7 23. e5 Rfd8 24. Rc1 Qb4 25. Rfd1 dxe5 26. fxe5 Qe4 27. Qb2 Ra7 28.
Bf3 Qf4 29. Rc4 Qe3 30. Qe2 Qxe2 31. Bxe2 Rad7 32. Rc6 f4 33. Bf3 Nf5 34. Kg1
Ne3 35. Rd3 Kf8 36. g3 g5 37. h4 *

[Event "European Rapid 2021"]
[Site "Katowice POL"]
[Date "2021.12.19"]
[Round "10.1"]
[White "Balog, Imre"]
[Black "Motylev, Alexander"]
[Result "1/2-1/2"]
[WhiteTitle "GM"]
[BlackTitle "GM"]
[WhiteElo "2577"]
[BlackElo "2633"]
[WhiteFideId "728446"]
[BlackFideId "4121830"]
[EventDate "2021.12.18"]

1. d4 d5 2. Nf3 Nf6 3. c4 c6 4. Qb3 e6 5. Bg5 Nbd7 6. Nc3 h6 7. Bh4 g5 8. Bg3
Nh5 9. e3 Nxg3 10. hxg3 Bg7 11. Bd3 Qe7 12. Rc1 O-O 13. cxd5 exd5 14. Qc2 Re8
15. Bh7+ Kf8 16. Bf5 Kg8 17. O-O Nf8 18. Rfe1 Bxf5 19. Qxf5 Ng6 20. e4 dxe4 21.
Rxe4 Qf6 22. Qg4 Qd6 23. Rce1 Rxe4 24. Nxe4 Qd5 25. Nc3 f5 26. Qh5 Qf7 27. d5
Re8 28. dxc6 bxc6 29. Rd1 Ne5 30. Qxf7+ Kxf7 31. Na4 Ng4 32. Kf1 Nf6 33. Rd6 Ne4
34. Rd7+ Re7 35. Rd1 c5 36. b3 Bf6 37. Rd5 Ke6 38. Rd3 Rc7 39. Nd2 Bd4 40. Nxe4
fxe4 41. Rd2 Rf7 42. Rc2 e3 43. f3 g4 44. Ke2 Rf5 45. Rc1 gxf3+ 46. gxf3 Rh5 47.
Kd3 Kd5 48. Nc3+ Bxc3 49. Rxc3 Rh3 50. Kxe3 Rxg3 51. Rc4 Rg6 52. Rh4 Re6+ 53.
Kd3 Rf6 54. Rh5+ Kc6 55. Ke4 Re6+ 56. Kd3 Rf6 57. Rh3 Kd5 58. Ke3 Re6+ 59. Kf2
Ra6 60. Ke3 Rxa2 61. Rh5+ Kc6 62. Rxh6+ Kd5 63. Rh5+ Kc6 64. Kd3 Rb2 65. Kc3 Rf2
66. Rf5 a5 67. Rf8 Kd5 68. f4 Rf3+ 69. Kb2 Kd6 70. Rf6+ Ke7 71. Rf5 Kd6 72. Ka2
Kc6 73. Rf8 Kd6 74. Kb2 Ke7 75. Rf5 Kd6 76. Kc2 Kc6 77. Rf7 Kd5 78. f5 c4 79.
bxc4+ 1/2-1/2

[Event "European Rapid 2021"]
[Site "Katowice POL"]
[Date "2021.12.19"]
[Round "10.13"]
[White "Szpar, Milosz"]
[Black "Gumularz, Szymon"]
[Result "0-1"]
[WhiteTitle "FM"]
[BlackTitle "GM"]
[WhiteElo "2434"]
[BlackElo "2539"]
[WhiteFideId "1184989"]
[BlackFideId "1188062"]
[EventDate "2021.12.18"]

1. e4 c6 2. d4 d5 3. e5 Bf5 4. h4 h5 5. Bd3 Bxd3 6. Qxd3 Qa5+ 7. Nd2 e6 8. Nf3
Nh6 9. O-O Nf5 10. Nb3 Qb5 11. Qd1 c5 12. dxc5 Bxc5 13. a4 Qb6 14. Nxc5 Qxc5 15.
b3 Nc6 16. Bb2 Rd8 17. Qd2 Rh6 18. Ba3 Qb6 19. Rfe1 Rg6 20. Kh2 d4 21. Qd3 Rd5
22. Re4 Qc7 23. Rae1 Rg4 24. Kh3 Rxe4 25. Qxe4 Kd7 26. Re2 Kc8 27. Bb2 Qd8 28.
Ne1 Rxe5 0-1

[Event "European Rapid 2021"]
[Site "Katowice POL"]
[Date "2021.12.19"]
[Round "10.15"]
[White "Koziorowicz, Michal"]
[Black "Kovalenko, Igor"]
[Result "0-1"]
[BlackTitle "GM"]
[WhiteElo "2309"]
[BlackElo "2668"]
[WhiteFideId "21809194"]
[BlackFideId "14117908"]
[EventDate "2021.12.18"]

1. e4 c5 2. Nf3 e6 3. d4 cxd4 4. Nxd4 a6 5. Nc3 b5 6. Bd3 Qb6 7. Nce2 Bc5 8. Be3
Nc6 9. c3 b4 10. O-O bxc3 11. bxc3 Ne5 12. Rb1 Qc7 13. h3 Nf6 14. f4 Nxd3 15.
Qxd3 O-O 16. f5 e5 17. Nf3 a5 18. Kh2 Ba6 19. c4 Bb4 20. Rbc1 d5 21. Ng3 Rfd8
22. exd5 e4 23. Qd4 exf3 24. Rxf3 Bd6 25. Qh4 Re8 26. Bg5 Re4 27. Bxf6 Rxh4 28.
Bxh4 f6 29. Kh1 Bf4 30. Rc2 Rb8 31. Nf1 Rb1 32. Kg1 Bh2+ 33. Kh1 Be5 34. g4 Bxc4
35. Kg2 Bxf1+ 0-1

[Event "European Rapid 2021"]
[Site "Katowice POL"]
[Date "2021.12.19"]
[Round "10.16"]
[White "Demchenko, Anton"]
[Black "Walter, Szymon"]
[Result "1/2-1/2"]
[WhiteTitle "GM"]
[BlackTitle "FM"]
[WhiteElo "2654"]
[BlackElo "2286"]
[WhiteFideId "4160258"]
[BlackFideId "1172590"]
[EventDate "2021.12.18"]

1. e4 c5 2. Nf3 e6 3. g3 Nf6 4. e5 Nd5 5. Bg2 d6 6. exd6 Bxd6 7. O-O O-O 8. d4
c4 9. Qe2 Qc7 10. Nc3 Bd7 11. Nd2 Nxc3 12. bxc3 Rc8 13. Ne4 Bc6 14. Qxc4 Nd7 15.
Bd2 Nb6 16. Qd3 Bd5 17. Rfb1 Be7 18. a4 Qc6 19. a5 Nc4 20. f3 f5 21. Nf2 Nxd2
22. Qxd2 Qxc3 23. Qxc3 Rxc3 24. f4 Bxg2 25. Kxg2 Rxc2 26. Rxb7 Bf6 27. Rd1 Ra2
28. d5 exd5 29. Rxd5 Re8 30. Rb3 Ree2 31. Rf3 Bc3 32. Rxc3 Rxf2+ 33. Kg1 Rg2+
34. Kf1 Rgf2+ 35. Kg1 Rg2+ 36. Kf1 Rxh2 37. Kg1 Rhg2+ 38. Kf1 Rgf2+ 39. Kg1 Rfb2
40. Rc1 Rg2+ 41. Kh1 Rh2+ 42. Kg1 Rhg2+ 43. Kh1 Rh2+ 44. Kg1 Rhg2+ 45. Kh1 Rh2+
46. Kg1 Rhg2+ 1/2-1/2

[Event "European Rapid 2021"]
[Site "Katowice POL"]
[Date "2021.12.19"]
[Round "10.20"]
[White "Semjonovs, Ilja"]
[Black "Nasuta, Grzegorz"]
[Result "1-0"]
[WhiteTitle "FM"]
[BlackTitle "GM"]
[WhiteElo "2383"]
[BlackElo "2521"]
[WhiteFideId "11604263"]
[BlackFideId "1141686"]
[EventDate "2021.12.18"]

1. d4 d5 2. Nf3 Nf6 3. Bg5 Ne4 4. Bf4 c5 5. c3 e6 6. e3 Nc6 7. Nbd2 Nxd2 8. Qxd2
Bd6 9. Bg3 O-O 10. Bd3 Qe7 11. O-O Bxg3 12. hxg3 e5 13. dxe5 Nxe5 14. Be2 Rd8
15. Nxe5 Qxe5 16. Bf3 Be6 17. Rfd1 g5 18. Qc2 Kg7 19. Rd2 Rd7 20. Rad1 Rad8 21.
Qa4 b6 22. Qa3 h5 23. b4 c4 24. Rd4 g4 25. Be2 f5 26. Qa4 Qc7 27. Rf4 Kf6 28.
Qc2 Qe5 29. Rfd4 Rc8 30. Qa4 Rh8 31. Bxc4 h4 32. gxh4 Rdh7 33. Bxd5 Rxh4 34. Kf1
Rh1+ 35. Ke2 Rxd1 36. Qxd1 Bxd5 37. Rxd5 Qxc3 38. Qd4+ Qxd4 39. Rxd4 Rc8 40. Kd2
Rc7 41. f3 gxf3 42. gxf3 Ke5 43. Rd8 Rh7 44. f4+ Ke6 45. Kc3 Rh2 46. a4 Ra2 47.
Kb3 Re2 48. Re8+ Kf6 49. Kc4 Ra2 50. Kb3 Re2 51. Re5 Re1 52. Kc4 Rb1 53. a5 bxa5
54. Rxa5 Rc1+ 55. Kb5 Rc7 56. Ka6 Re7 57. b5 Rxe3 58. Kxa7 Re4 59. b6 Rxf4 60.
Rb5 Ra4+ 61. Kb7 f4 62. Kc6 Rc4+ 63. Rc5 Rb4 64. b7 f3 65. Rc3 f2 66. Rf3+ Ke6
67. Rxf2 Rc4+ 68. Kb5 Rc1 69. Rb2 Rb1 70. Rxb1 1-0

[Event "European Rapid 2021"]
[Site "Katowice POL"]
[Date "2021.12.19"]
[Round "10.35"]
[White "Godzwon, Iwo"]
[Black "Kindler, Przemyslaw"]
[Result "0-1"]
[WhiteTitle "FM"]
[WhiteElo "2352"]
[BlackElo "2018"]
[WhiteFideId "21802483"]
[BlackFideId "1159542"]
[EventDate "2021.12.18"]

1. b3 e5 2. Bb2 Nc6 3. e3 d5 4. Bb5 Bd6 5. Ne2 Ne7 6. O-O O-O 7. f4 f6 8. Nbc3
a6 9. Bxc6 bxc6 10. Ng3 Qe8 11. f5 e4 12. Nce2 Bd7 13. d3 Qc8 14. dxe4 dxe4 15.
Nxe4 Nxf5 16. Qd3 Qe8 17. Nxd6 Nxd6 18. Ng3 Rd8 19. Ba3 Rf7 20. Bxd6 Bc8 21. Ne4
cxd6 22. Rad1 Rfd7 23. Rd2 Qe7 24. Ng3 Bb7 25. Nf5 Qe6 26. c4 c5 27. Qc3 d5 28.
cxd5 Rxd5 29. Qc4 Re8 30. Rdf2 g6 31. Nh6+ Kg7 32. Ng4 Rg5 33. h3 Qxc4 34. bxc4
f5 35. Nh2 Rxe3 36. Rd1 Be4 37. Rd7+ Kh6 38. Re7 Rxh3 39. Nf1 Rc3 40. g3 Rh5 41.
Rh2 Rxh2 42. Kxh2 Rc2+ 0-1

[Event "European Rapid 2021"]
[Site "Katowice POL"]
[Date "2021.12.19"]
[Round "10.50"]
[White "Kubicka, Anna"]
[Black "Warchol, Kamil"]
[Result "1-0"]
[WhiteTitle "WIM"]
[BlackTitle "CM"]
[WhiteElo "2266"]
[BlackElo "1956"]
[WhiteFideId "1152254"]
[BlackFideId "21858241"]
[EventDate "2021.12.18"]

1. e4 c5 2. Ne2 e6 3. g3 d5 4. Bg2 dxe4 5. Bxe4 Nf6 6. Bg2 Bd6 7. O-O O-O 8.
Nbc3 a6 9. d4 Qc7 10. Bg5 Nbd7 11. h3 h6 12. Be3 Rb8 13. a4 c4 14. a5 b5 15.
axb6 Nxb6 16. Nf4 Bb7 17. Nh5 Nxh5 18. Qxh5 Bxg2 19. Kxg2 Qc6+ 20. Qf3 Nd5 21.
Rfb1 Rb7 22. Bc1 Rd8 23. Ra5 Bb4 24. Nxd5 exd5 25. Ra2 Qg6 26. Rba1 Qxc2 27.
Rxa6 c3 28. bxc3 Bxc3 29. Ra8 Rd7 30. Rxd8+ Rxd8 31. Ra7 Bxd4 32. Qxf7+ Kh7 33.
Rc7 Qe4+ 34. Qf3 Qxf3+ 35. Kxf3 Rf8+ 36. Bf4 Kg8 37. Kg2 g5 38. Be3 Bxe3 39.
fxe3 Re8 40. Kf3 Re5 41. Rd7 Kh8 42. g4 Kg8 43. Ke2 Kh8 44. Kd3 Kg8 45. Kd2 Kh8
46. Ke2 Kg8 47. Kd3 Kh8 48. Rf7 Kg8 49. Rf3 Re7 50. Kd4 Rd7 51. Rf5 Ra7 52. Rxd5
Ra1 53. Rf5 Rh1 54. Rf3 Kg7 55. e4 Kg6 56. e5 Rd1+ 57. Kc5 Rd2 58. e6 h5 59.
gxh5+ Kxh5 60. e7 Re2 61. Kd6 Kh4 62. Kd7 Rd2+ 63. Ke8 Ra2 64. Kf8 Ra8+ 65. e8=Q
Rxe8+ 66. Kxe8 1-0

[Event "European Rapid 2021"]
[Site "Katowice POL"]
[Date "2021.12.19"]
[Round "11.1"]
[White "Motylev, Alexander"]
[Black "Kyc, Jerzy"]
[Result "1-0"]
[WhiteTitle "GM"]
[WhiteElo "2633"]
[BlackElo "2250"]
[WhiteFideId "4121830"]
[BlackFideId "1163922"]
[EventDate "2021.12.18"]

1. e4 c5 2. Nf3 d6 3. Bb5+ Bd7 4. Bxd7+ Qxd7 5. O-O Nf6 6. Qe2 Nc6 7. c3 e5 8.
Rd1 Be7 9. d4 cxd4 10. cxd4 exd4 11. Nxd4 Nxd4 12. Rxd4 O-O 13. Nc3 Qe6 14. Bf4
Rfc8 15. Rad1 Rc6 16. h3 a6 17. Qd3 Ne8 18. Nd5 Bf8 19. a4 Rd8 20. Rb4 Rd7 21.
Qb3 b5 22. axb5 axb5 23. Rxb5 Qxe4 24. Rb8 Qe6 25. Qa4 Rc5 26. Qa8 Qe2 27. Rxe8
Qxd1+ 28. Kh2 h6 29. Rxf8+ Kh7 30. Rh8+ Kg6 31. Rxh6+ gxh6 32. Qg8+ Kf5 33. Qh7+
Ke6 34. Qe4# 1-0

[Event "European Rapid 2021"]
[Site "Katowice POL"]
[Date "2021.12.19"]
[Round "11.6"]
[White "Piesik, Piotr"]
[Black "Janik, Igor"]
[Result "0-1"]
[WhiteTitle "IM"]
[BlackTitle "IM"]
[WhiteElo "2407"]
[BlackElo "2525"]
[WhiteFideId "1136194"]
[BlackFideId "1159259"]
[EventDate "2021.12.18"]

1. d4 Nf6 2. c4 e6 3. Nc3 Bb4 4. f3 c5 5. d5 O-O 6. e4 d6 7. Ne2 a6 8. Ng3 exd5
9. cxd5 b5 10. Be2 Nbd7 11. O-O c4 12. a4 Rb8 13. axb5 axb5 14. Kh1 Nc5 15. Bf4
Re8 16. Ra2 Qb6 17. Qc2 Nfd7 18. Be3 Qd8 19. Nd1 Nb3 20. Nf2 Bc5 21. Bxc5 Ndxc5
22. Qc3 g6 23. Bd1 Qg5 24. Bxb3 Nxb3 25. Ra7 Qd8 26. Ng4 Bxg4 27. fxg4 Re7 28.
Qe3 Nc5 29. Rxe7 Qxe7 30. Qf4 Nd3 31. Qf3 Ne5 32. Qf4 b4 33. Ne2 Rc8 34. Nd4 c3
35. bxc3 bxc3 36. Nc2 Rb8 37. h3 Rb2 38. Nd4 c2 39. Qd2 Nc4 40. Qd3 Ne5 41. Qa6
Qc7 42. Rc1 Rb1 43. Qf1 Qc4 44. Rxb1 cxb1=Q 45. Qxb1 Qxd4 46. Qb8+ Kg7 47. Qxd6
Qxe4 48. g5 Qf5 49. Qe7 Nc4 50. Qc5 Qf1+ 51. Kh2 Qf4+ 52. Kh1 h6 53. gxh6+ Kxh6
54. Qf8+ Kh7 55. Qb4 Qd4 56. Qb7 Kg7 57. Qc6 Qa1+ 58. Kh2 Qe5+ 59. Kh1 Nd6 60.
Qc5 Nf5 61. Qc6 Ne7 62. Qd7 Nxd5 63. Qg4 Nf6 64. Qf3 Ne4 65. Kg1 Ng3 66. Kf2 Nf5
67. Kg1 Qe3+ 0-1

[Event "European Rapid 2021"]
[Site "Katowice POL"]
[Date "2021.12.19"]
[Round "11.9"]
[White "Kovalenko, Igor"]
[Black "Kalogeris, Ioannis"]
[Result "1-0"]
[WhiteTitle "GM"]
[BlackTitle "FM"]
[WhiteElo "2668"]
[BlackElo "2368"]
[WhiteFideId "14117908"]
[BlackFideId "4239563"]
[EventDate "2021.12.18"]

1. d4 d5 2. c4 c6 3. cxd5 cxd5 4. Bf4 Nc6 5. e3 Nf6 6. Bb5 Bd7 7. Nf3 a6 8. Bxc6
Bxc6 9. Ne5 Qb6 10. Nd2 e6 11. O-O Be7 12. Qb3 Qa5 13. Nxc6 bxc6 14. Qb7 O-O 15.
Nb3 Qb4 16. Qxb4 Bxb4 17. Rfc1 Rfc8 18. Rc2 a5 19. Rac1 a4 20. Nc5 Bxc5 21. Rxc5
Ra6 22. f3 Nd7 23. R5c3 f6 24. Bd6 Kf7 25. e4 Rb6 26. R1c2 Rb5 27. Ba3 Nb6 28.
Rxc6 Rxc6 29. Rxc6 Nc4 30. Rc7+ Kg8 31. exd5 exd5 32. Ra7 Nxb2 33. Kf2 Nd3+ 34.
Kg3 h5 35. h4 Nb4 36. Kf4 g6 37. Rxa4 Nxa2 38. Ra8+ Kf7 39. Ra7+ Kg8 40. Be7 Nb4
41. Bxf6 Nc6 42. Rc7 Rb6 43. Kg5 1-0